| 000 | 00857pam a2200277 a 4500 | ||
|---|---|---|---|
| 020 | _a0471632414 (alk. paper) | ||
| 040 | _cDLC | ||
| 082 | 0 | 0 | _a582 WIL 1991 A061 Or. |
| 245 | 0 | 0 | _aPhytochemical induction by herbivores / |
| 260 |
_aNew York : _bWiley, _cc1991. |
||
| 300 |
_axx, 431 p. : _bill. ; _c24 cm. |
||
| 500 | _a"A Wiley-Interscience publication." | ||
| 650 | 0 | _aPlant chemical defenses. | |
| 650 | 0 | _aPlants | |
| 650 | 0 | _aPlant metabolites. | |
| 650 | 0 | _aAnimal-plant relationships. | |
| 650 | 0 | _aPlants | |
| 650 | 0 | _aHerbivores | |
| 650 | 0 | _aInsect-plant relationships. | |
| 650 | 0 | _aPhytophagous insects | |
| 700 | 1 | _aTallamy, Douglas W. | |
| 700 | 1 | _aRaupp, Michael J. | |
| 856 | 4 | _uhttp://www.loc.gov/catdir/toc/onix03/90024394.html | |
| 856 | 4 | 2 | _uhttp://www.loc.gov/catdir/enhancements/fy0706/90024394-d.html |
| 942 | _cEK | ||
| 999 |
_c14856 _d14856 |
||